000 00763nam a22001817a 4500
003 UA-OsUOA
001 19436
007 ta
008 20040818b un ||||| |||| 00| 0 ukr d
100 _aХвиищук Н.
942 _cSA
040 _aUA-OsUOA
_cUA-OsUOA
_dUA-OsUOA
245 _aВолонтери побували в Канаді
_b[Про поїздку дітей з Березного та с.Городище Березнів. р-ну у Канаду в рамках реалізації укр.-канад. проекту "Молодь за здоров'я-2" ]
300 _aС.2
955 _a0
773 0 _w0
_tВісті Рівненщини
_dРівне
_d2004
_g№74/75/13 серп./
650 7 _aКраєзнавча робота
_2UDC
999 _c305607
_d305607